000 00175nam a2200073Ia 4500
008 170524s9999 xx 000 0 und d
100 _aKROJEWSKI
245 0 _aOPERATION MAMANEMENT
260 _bCONCEPT PUB. CO.
999 _c7954
_d7954